| 000 | 01515nam a22003250a 4500 | ||
|---|---|---|---|
| 001 | PT31678 | ||
| 003 | AR-LpoUNG | ||
| 005 | 20210202002454.0 | ||
| 008 | 191001s2004||||ag |||||||||||||||||spa d | ||
| 040 |
_aAR-LpoUNG _bspa _cAR-LpoUNG _eaacr |
||
| 041 | _aspa | ||
| 044 | _aag | ||
| 082 | 0 | _a410 228tex | |
| 100 | 1 | _aAdelstein, Andreína | |
| 245 | 1 | 4 | _aLos textos académicos en el nivel universitario |
| 250 | _a1§ edición | ||
| 260 |
_aBuenos Aires : _bUniversidad Nacional de General Sarmiento, _c2004. |
||
| 300 |
_a372 p. : _bil. |
||
| 505 | 0 | _aMaterial adaptado por la Biblioteca Digital y Sonora de la UByD, preparado con fines de estudio o recreación, para uso exclusivo y personal de usuarios no videntes, o con otras discapacidades perceptivas. | |
| 520 | _aEstá concebido como material didáctico para asignaturas de tipo taller y tiene un doble destinatario: el profesor de lengua, quien adecuará los contenidos del libro a las finalidades y destinatarios específicos de su asignatura, y el estudiante de los primeros años de una carrera universitaria. El objetivo es orientar el desarrollo de competencias de comprensión y producción textual a partir de del estudio de artículos de investigación científica. | ||
| 650 | 4 | _aENSEÑANZA SUPERIOR | |
| 650 | 4 | _aGRAMATICA | |
| 650 | 4 | _aLINGÜISTICA | |
| 650 | 4 | _aSINTAXIS | |
| 651 | 4 | _aDOCUMENTOS TEORICOS O METODOLOGICOS | |
| 653 | _aDISCAPACIDAD VISUAL | ||
| 700 | 1 | _aKuguel, Inés | |
| 905 | _a31678 | ||
| 942 | _cLIB | ||
| 999 |
_c56381 _d56381 |
||